En defensa de la justicia, un movimiento cívico profesional : (Record no. 149758)
[ view plain ]
| 000 -LEADER | |
|---|---|
| campo de control de longitud fija | 00839nam a2200217 i 4500 |
| 001 - NÚMERO DE CONTROL | |
| campo de control | 149758 |
| 003 - IDENTIFICADOR DE NÚMERO DE CONTROL | |
| campo de control | ES-MaACL |
| 005 - FECHA Y HORA DE LA ÚLTIMA TRANSACCIÓN | |
| campo de control | 20231228062702.0 |
| 007 - CAMPO FIJO DE DESCRIPCIÓN FÍSICA--INFORMACIÓN GENERAL | |
| campo de control de longitud fija | t| |
| 008 - DATOS DE LONGITUD FIJA--INFORMACIÓN GENERAL | |
| campo de control de longitud fija | 071024s1932 sp ||||1| spa d |
| 100 1# - ENTRADA PRINCIPAL--NOMBRE DE PERSONA | |
| Nombre de persona | Vázquez Sans, Juan. |
| 9 (RLIN) | 113483 |
| 245 10 - MENCIÓN DEL TÍTULO | |
| Título | En defensa de la justicia, un movimiento cívico profesional : |
| Resto del título | (el pleito de la Beneficencia Municipal de Barcelona), 1925-1932 / |
| Mención de responsabilidad, etc. | J. Vázquez Sans ; prólogo del Dr. G. Marañón. |
| 260 ## - PUBLICACIÓN, DISTRIBUCIÓN, ETC. | |
| Lugar de publicación, distribución, etc. | Barcelona : |
| Nombre del editor, distribuidor, etc. | [s.n., |
| Fecha de publicación, distribución, etc. | 1932] ( |
| Fabricante | Tip. A. Ortega) |
| 300 ## - DESCRIPCIÓN FÍSICA | |
| Extensión | IX, 277 p. ; |
| Dimensiones | 22 cm. |
| 650 #4 - PUNTO DE ACCESO ADICIONAL DE MATERIA--TÉRMINO DE MATERIA | |
| Término de materia o nombre geográfico como elemento de entrada | Beneficencia- |
| Subdivisión geográfica | Barcelona. |
| 9 (RLIN) | 171464 |
| 651 #4 - PUNTO DE ACCESO ADICIONAL DE MATERIA--NOMBRE GEOGRÁFICO | |
| Nombre geográfico | Barcelona- |
| Subdivisión general | Situación social- |
| Subdivisión cronológica | S.XX. |
| 9 (RLIN) | 174363 |
| 700 1# - ENTRADA AGREGADA--NOMBRE PERSONAL | |
| Nombre de persona | Marañón, Gregorio, |
| Fechas asociadas al nombre | 1887-1960 |
| 9 (RLIN) | 76311 |
| 740 32 - ENTRADA AGREGADA--TÍTULO RELACIONADO/ANALÍTICO NO CONTROLADO | |
| Título relacionado o analítico no controlado | El pleito de la Beneficencia Municipal de Barcelona. |
| 852 4# - LOCALIZACIÓN | |
| Ubicación | ES-MaACL |
| Número de control de estantería | F-13922 |
| Estatus retirado | Estado de pérdida | Estado de daño | No para préstamo | Biblioteca de origen | Biblioteca actual | Ubicación en estantería | Fecha de adquisición | Fuente de adquisición | Total de préstamos | Signatura topográfica completa | Código de barras | Visto por última vez | Precio de reemplazo | Tipo de ítem Koha |
|---|---|---|---|---|---|---|---|---|---|---|---|---|---|---|
| Biblioteca del Ateneo de Madrid | Biblioteca del Ateneo de Madrid | Sala Pecera Planta 2 | 17/01/2008 | F-13922 | 1156274 | 23/02/2023 | 23/02/2023 | Libro impreso |
